Poesía completa / (Record no. 184944)

MARC details
000 -LEADER
campo de control de longitud fija 01110nam a2200325 i 4500
001 - NÚMERO DE CONTROL
campo de control 184944
003 - IDENTIFICADOR DE NÚMERO DE CONTROL
campo de control SpMaBN
005 - FECHA Y HORA DE LA ÚLTIMA TRANSACCIÓN
campo de control 20260701143608.0
008 - DATOS DE LONGITUD FIJA--INFORMACIÓN GENERAL
campo de control de longitud fija 160224s1984 sp |||| |dspa d
020 ## - NÚMERO INTERNACIONAL ESTÁNDAR DEL LIBRO
Número Internacional Estándar del Libro 84-7175-109-7
080 ## - NÚMERO DE LA CLASIFICACIÓN DECIMAL UNIVERSAL
Número de la Clasificación Decimal Universal 821.133.1-14"14"
100 0# - ENTRADA PRINCIPAL--NOMBRE DE PERSONA
Nombre de persona Villon, François,
Fechas asociadas al nombre 1431-ca. 1463
9 (RLIN) 115268
245 10 - MENCIÓN DEL TÍTULO
Título Poesía completa /
Mención de responsabilidad, etc. Villon ; [traducción, Federico Gorbea].
250 ## - MENCION DE EDICION
Mención de edición Ed. bilingüe
Resto de la mención de edición 3ª ed. [rev. y corr. por Francisco J. Herranz Masjuán].
260 ## - PUBLICACIÓN, DISTRIBUCIÓN, ETC.
Lugar de publicación, distribución, etc. Barcelona :
Nombre del editor, distribuidor, etc. Ediciones 29,
Fecha de publicación, distribución, etc. 1984.
300 ## - DESCRIPCIÓN FÍSICA
Extensión 296 p. ;
Dimensiones 19 cm.
490 1# - MENCIÓN DE SERIE
Mención de serie Libros río nuevo
490 1# - MENCIÓN DE SERIE
Mención de serie Aire fresco. Poesía
500 ## - NOTA GENERAL
Nota general Cronología.
500 ## - NOTA GENERAL
Nota general Índice.
505 8# - NOTA DE CONTENIDO CON FORMATO
Nota de contenido con formato Contiene: ;
Título Los legados ;
-- Poemas diversos
546 ## - NOTA DE IDIOMA
Nota de lengua/lenguaje Texto original y traducción en español.
700 1# - ENTRADA AGREGADA--NOMBRE PERSONAL
Nombre de persona Gorbea, Federico.
9 (RLIN) 59130
700 1# - ENTRADA AGREGADA--NOMBRE PERSONAL
Nombre de persona Herranz Masjuán, Francisco J.
9 (RLIN) 158857
740 42 - ENTRADA AGREGADA--TÍTULO RELACIONADO/ANALÍTICO NO CONTROLADO
Título relacionado o analítico no controlado Los legados.
830 00 - PUNTO DE ACCESO ADICIONAL DE SERIE-TÍTULO UNIFORME
Título uniforme Libros río nuevo
9 (RLIN) 193272
830 0# - PUNTO DE ACCESO ADICIONAL DE SERIE-TÍTULO UNIFORME
Título uniforme Aire fresco. Poesía
9 (RLIN) 225150
852 ## - LOCALIZACIÓN
Ubicación ES-MaACL
Número de control de estantería L-30216
Nota libre . - Donat. Miguel A. Velasco
Holdings
Estatus retirado Estado de pérdida Estado de daño No para préstamo Biblioteca de origen Biblioteca actual Ubicación en estantería Fecha de adquisición Fuente de adquisición Total de préstamos Signatura topográfica completa Código de barras Visto por última vez Precio de reemplazo Tipo de ítem Koha
        Biblioteca del Ateneo de Madrid Biblioteca del Ateneo de Madrid Depósito 2 24/02/2016     L-30216 1194790 23/02/2023 23/02/2023 Libro impreso